|
|
|
|
| LEADER |
00000nkm a2200000 a 4500 |
| 001 |
vtls011885464 |
| 003 |
SK-MaSNL |
| 005 |
20260512124246.0 |
| 007 |
kp bo |
| 008 |
231120q1905 hu g kuhun |
| 015 |
|
|
|a SNBG
|
| 035 |
|
|
|a urn:nbn:sk:snk-km00eajf
|
| 035 |
|
|
|a urn:nbn:sk:snk-km43gms
|
| 035 |
|
|
|a CE688B7E-7CAD-4D09-9543-7ED969FDE171
|
| 040 |
|
|
|a SNK
|b slo
|c SNK
|e AACR2
|
| 041 |
0 |
|
|a hun
|
| 043 |
|
|
|a e-xo---
|
| 044 |
|
|
|a hu
|c HU
|
| 072 |
|
7 |
|a 913
|x Regionálna geografia
|2 konspekt
|
| 080 |
|
|
|a 913(437.6)
|2 2011
|
| 080 |
|
|
|a 711.73
|2 2011
|
| 080 |
|
|
|a (084.121)
|2 2011
|
| 080 |
|
|
|a 726:27-523.41
|2 2011
|
| 080 |
|
|
|a 726:27-523.43
|2 2011
|
| 245 |
0 |
0 |
|a Kassa
|h grafika
|b Fő utca
|
| 260 |
|
|
|a [Budapešť?]
|b Foto Weinstock
|c [medzi 1905 a 1945?]
|
| 300 |
|
|
|a 1 pohľadnica
|b čiernobiela
|c 10 x 14 cm
|
| 500 |
|
|
|a Názvové údaje prevzaté z obrazovej časti pohľadnice
|
| 500 |
|
|
|a Na adresnej časti uvedené: "4081. sz."
|
| 520 |
8 |
|
|a Zobrazenie: Pohľad v bielom orámovaní na Hlavnú ulicu. Po oboch stranách sú rady vysokých budov. V pozadí je vidno na konci ulice Dóm sv. Alžbety, v popredí s kaplnkou sv. Michala. Na ulici aj chodníkoch je množstvo ľudí. Vpravo v popredí je na ulici muž na bicykli, vľavo od neho je muž s dvomi malými deťmi. Za nimi sú dva automobily, ďalší je vľavo v pozadí. Chodníky sú lemované mladými stromami bez lístia
|
| 610 |
2 |
7 |
|a Dóm sv. Alžbety (Košice, Slovensko)
|2 SNKKA
|9 34070
|
| 610 |
2 |
7 |
|a Kaplnka sv. Michala (Košice, Slovensko)
|2 SNKKA
|9 173711
|
| 650 |
0 |
7 |
|a ulice
|2 SNKPH
|9 2938
|
| 650 |
0 |
7 |
|a katedrály
|2 SNKPH
|9 3032
|
| 650 |
0 |
7 |
|a kaplnky
|2 SNKPH
|9 3026
|
| 651 |
|
7 |
|a Hlavná ulica (Košice, Slovensko)
|2 SNKPHgeo
|9 29594
|
| 651 |
|
7 |
|a Košice (Slovensko)
|2 SNKPHgeo
|9 18694
|
| 655 |
|
7 |
|a miestne pohľadnice
|2 SNKPH
|9 70510
|
| 852 |
|
|
|a Slovenská národná knižnica
|
| 954 |
|
|
|a pohľadnice pôvodné (slovenské)
|2 lita
|
| 954 |
|
|
|a pohľadnice cudzojazyčné (svetové)
|2 lita
|
| 958 |
|
|
|a OND
|
| 958 |
|
|
|a GBN
|
| 958 |
|
|
|a GC
|
| 958 |
|
|
|a EUIPO
|
| 999 |
|
|
|c 862766
|d 864696
|
| 952 |
|
|
|a SNK
|b SNK
|y PREZ
|7 0
|p 17A1382460
|o snkSP 65455
|0 0
|1 0
|4 0
|d 2019-09-05
|f 1
|l 0
|r 2026-02-24 05:17:19
|w 2026-02-24
|
| 952 |
|
|
|a SNK
|b SNK
|y PREZ
|7 0
|p 17A1382458
|o snkSP 65455 D1
|0 0
|1 0
|4 0
|d 2019-09-06
|l 0
|r 2026-02-24 05:17:19
|w 2026-02-24
|